Statistics for History by Letter - I

Click here to take the quiz!

General Stats

  • This quiz has been taken 31,232 times
    (31,205 since last reset)
  • The average score is 12 of 18

Answer Stats

Hint Answer % Correct
Civilization that built Machu PicchuIncas
97%
Religion founded in 622 ADIslam
91%
Modern-day name of ConstantinopleIstanbul
89%
Northern Irish terrorist groupIRA
88%
Epic poem attributed to HomerThe Iliad
85%
Country once called the Dutch East IndiesIndonesia
82%
Figurative barrier between Communist
and Western Europe
Iron Curtain
80%
Russian Tsar whose reign saw
the conquest of Siberia
Ivan the Terrible
80%
Her marriage to Ferdinand united SpainIsabella
78%
"Revolution" that started in
Britain circa 1760
{Industrial}
Revolution
66%
Catholic institution used to
prosecute heretics
Inquisition
62%
Famous German military decorationIron Cross
60%
Country first settled in 874 ADIceland
60%
Name used by 13 "guiltless" PopesInnocent
51%
Confederation of six northeast
Native American tribes
Iroquois
44%
Arab word for uprising. Palestine
has had two
Intifada
27%
Elite unit of 10,000 Persian soldiersImmortals
18%
Spanish title for a princeInfante
14%

Score Distribution

Percentile by Number Answered

Percent of People with Each Score

Your Score History

You have not taken this quiz since the last reset